[Event "DEM U8 2024"]
[Site "Willingen GER"]
[Date "2024.05.24"]
[Round "6"]
[White "Sriram, Aumkar"]
[Black "Weis, Robert"]
[Result "1/2-1/2"]
[Termination "normal"]
[Board "10"]
[WhiteElo "1610"]
[BlackElo "1082"]
[WhiteClock "00:00:40"]
[BlackClock "00:03:59"]
[PlyCount "141"]
[WhiteFideId "33460477"]
[BlackFideId "1362810"]
[EventCountry "GER"]
[EventRounds "7"]
[EventType "swiss"]
[EventDate "2024.05.21"]

1. e4 {[%clk 01:00:20]} {[%emt 00:00:08]} e5 {[%clk 01:00:26]} {[%emt
00:00:07]} 2. Nf3 {[%clk 01:00:26]} {[%emt 00:00:08]} Nc6 {[%clk 01:00:35]}
{[%emt 00:00:07]} 3. d4 {[%clk 01:00:30]} {[%emt 00:00:10]} exd4 {[%clk
01:00:44]} {[%emt 00:00:07]} 4. Nxd4 {[%clk 01:00:35]} {[%emt 00:00:10]} Nf6
{[%clk 01:00:45]} {[%emt 00:00:15]} 5. Nxc6 {[%clk 01:00:39]} {[%emt 00:00:10]}
bxc6 {[%clk 01:00:49]} {[%emt 00:00:10]} 6. e5 {[%clk 01:00:44]} {[%emt
00:00:11]} Nd5 {[%clk 00:59:51]} {[%emt 00:01:13]} 7. c4 {[%clk 01:00:40]}
{[%emt 00:00:18]} Nb6 {[%clk 00:59:59]} {[%emt 00:00:08]} 8. Nc3 {[%clk
01:00:37]} {[%emt 00:00:18]} Bb4 {[%clk 00:57:37]} {[%emt 00:02:37]} 9. Bd2
{[%clk 01:00:21]} {[%emt 00:00:31]} Qe7 {[%clk 00:57:09]} {[%emt 00:00:43]} 10.
f4 {[%clk 00:56:51]} {[%emt 00:03:45]} O-O {[%clk 00:52:30]} {[%emt 00:04:54]}
11. a3 {[%clk 00:56:20]} {[%emt 00:00:47]} Bc5 {[%clk 00:51:08]} {[%emt
00:01:36]} 12. Qc2 {[%clk 00:54:40]} {[%emt 00:01:55]} Ba6 {[%clk 00:49:36]}
{[%emt 00:01:48]} 13. O-O-O {[%clk 00:53:10]} {[%emt 00:01:45]} Bxc4 {[%clk
00:49:08]} {[%emt 00:00:43]} 14. Ne4 {[%clk 00:51:29]} {[%emt 00:01:56]} Bxf1
{[%clk 00:48:07]} {[%emt 00:01:16]} 15. Rhxf1 {[%clk 00:51:12]} {[%emt
00:00:32]} d6 {[%clk 00:45:46]} {[%emt 00:02:36]} 16. exd6 {[%clk 00:49:26]}
{[%emt 00:02:01]} Bxd6 {[%clk 00:43:03]} {[%emt 00:02:57]} 17. Nxd6 {[%clk
00:48:56]} {[%emt 00:00:46]} cxd6 {[%clk 00:42:58]} {[%emt 00:00:20]} 18. f5
{[%clk 00:47:52]} {[%emt 00:01:19]} Qf6 {[%clk 00:41:33]} {[%emt 00:01:40]} 19.
Bc3 {[%clk 00:46:49]} {[%emt 00:01:18]} Qg5+ {[%clk 00:37:35]} {[%emt
00:04:11]} 20. Kb1 {[%clk 00:46:34]} {[%emt 00:00:31]} Nd5 {[%clk 00:35:46]}
{[%emt 00:02:05]} 21. Rf3 {[%clk 00:41:58]} {[%emt 00:04:51]} Ne3 {[%clk
00:34:47]} {[%emt 00:01:14]} 22. Qd2 {[%clk 00:40:16]} {[%emt 00:01:57]} Rae8
{[%clk 00:30:33]} {[%emt 00:04:30]} 23. Rg3 {[%clk 00:36:56]} {[%emt 00:03:35]}
Qxf5+ {[%clk 00:29:31]} {[%emt 00:01:17]} 24. Qd3 {[%clk 00:32:07]} {[%emt
00:05:04]} Qxd3+ {[%clk 00:24:45]} {[%emt 00:05:01]} 25. Rxd3 {[%emt 00:00:36]}
Nf5 {[%clk 00:24:35]} 26. Rg5 {[%clk 00:31:22]} {[%emt 00:01:04]} g6 {[%clk
00:23:40]} {[%emt 00:01:11]} 27. Rf3 {[%clk 00:27:00]} {[%emt 00:04:37]} f6
{[%clk 00:23:28]} {[%emt 00:00:27]} 28. Rg4 {[%clk 00:26:16]} {[%emt 00:00:59]}
Ne3 {[%clk 00:21:51]} {[%emt 00:01:52]} 29. Rgg3 {[%clk 00:25:29]} {[%emt
00:01:02]} Nd5 {[%clk 00:21:12]} {[%emt 00:00:54]} 30. Bd4 {[%clk 00:24:44]}
{[%emt 00:01:00]} Re1+ {[%clk 00:18:49]} {[%emt 00:02:37]} 31. Ka2 {[%clk
00:24:23]} {[%emt 00:00:36]} Re2 {[%clk 00:17:45]} {[%emt 00:01:19]} 32. h4
{[%clk 00:21:06]} {[%emt 00:03:31]} Re4 {[%clk 00:09:07]} {[%emt 00:09:12]} 33.
Bc3 {[%clk 00:19:14]} {[%emt 00:02:07]} Rxh4 {[%clk 00:08:40]} {[%emt
00:00:41]} 34. Rd3 {[%clk 00:17:31]} {[%emt 00:02:00]} f5 {[%clk 00:08:40]}
{[%emt 00:00:14]} 35. b4 {[%clk 00:15:08]} {[%emt 00:02:38]} Rg4 {[%clk
00:08:31]} {[%emt 00:00:24]} 36. Rgf3 {[%clk 00:13:42]} {[%emt 00:01:41]} Rxg2+
{[%clk 00:08:30]} {[%emt 00:00:16]} 37. Bb2 {[%clk 00:13:35]} {[%emt 00:00:21]}
g5 {[%clk 00:08:24]} {[%emt 00:00:22]} 38. b5 {[%clk 00:13:18]} {[%emt
00:00:32]} Nf4 {[%clk 00:08:22]} {[%emt 00:00:17]} 39. Rxd6 {[%clk 00:12:32]}
{[%emt 00:01:02]} cxb5 {[%clk 00:08:30]} {[%emt 00:00:07]} 40. Rd7 {[%clk
00:12:10]} {[%emt 00:00:37]} a5 {[%clk 00:08:24]} {[%emt 00:00:21]} 41. Rg7+
{[%clk 00:11:47]} {[%emt 00:00:37]} Kh8 {[%clk 00:08:23]} {[%emt 00:00:16]} 42.
Rxg5+ {[%clk 00:11:34]} {[%emt 00:00:28]} Rxb2+ {[%clk 00:08:17]} {[%emt
00:00:21]} 43. Kxb2 {[%clk 00:11:25]} {[%emt 00:00:23]} Ne2 {[%clk 00:07:58]}
{[%emt 00:00:35]} 44. Rf2 {[%clk 00:11:03]} {[%emt 00:00:38]} Nd4 {[%clk
00:07:54]} {[%emt 00:00:19]} 45. Rh5 {[%clk 00:09:24]} {[%emt 00:01:54]} f4
{[%clk 00:07:22]} {[%emt 00:00:46]} 46. Kc3 {[%clk 00:08:08]} {[%emt 00:01:31]}
Ne6 {[%clk 00:07:10]} {[%emt 00:00:27]} 47. Rxb5 {[%clk 00:07:45]} {[%emt
00:00:38]} Rc8+ {[%clk 00:07:12]} {[%emt 00:00:14]} 48. Kd2 {[%clk 00:07:03]}
{[%emt 00:00:57]} Rd8+ {[%clk 00:07:09]} {[%emt 00:00:17]} 49. Ke1 {[%clk
00:06:29]} {[%emt 00:00:50]} a4 {[%clk 00:06:53]} {[%emt 00:00:32]} 50. Rb4
{[%clk 00:04:05]} {[%emt 00:02:38]} Rd4 {[%clk 00:06:07]} {[%emt 00:01:00]} 51.
Rb8+ {[%clk 00:04:00]} {[%emt 00:00:22]} Kg7 {[%clk 00:06:11]} {[%emt
00:00:10]} 52. Rb7+ {[%clk 00:04:02]} {[%emt 00:00:13]} Kg6 {[%clk 00:06:15]}
{[%emt 00:00:11]} 53. Rb6 {[%clk 00:03:34]} {[%emt 00:00:43]} Re4+ {[%clk
00:05:55]} {[%emt 00:00:33]} 54. Kf1 {[%clk 00:03:43]} {[%emt 00:00:07]} h5
{[%clk 00:05:37]} {[%emt 00:00:33]} 55. Rd2 {[%clk 00:03:21]} {[%emt 00:00:38]}
h4 {[%clk 00:05:14]} {[%emt 00:00:38]} 56. Rh2 {[%clk 00:02:46]} {[%emt
00:00:49]} f3 {[%clk 00:05:06]} {[%emt 00:00:23]} 57. Ra6 {[%clk 00:02:30]}
{[%emt 00:00:33]} Kg5 {[%clk 00:04:53]} {[%emt 00:00:28]} 58. Ra5+ {[%clk
00:02:38]} {[%emt 00:00:07]} Kg4 {[%clk 00:04:53]} {[%emt 00:00:15]} 59. Ra8
{[%clk 00:02:09]} {[%emt 00:00:44]} Kg3 {[%clk 00:04:28]} {[%emt 00:00:39]} 60.
Rh1 {[%clk 00:02:18]} {[%emt 00:00:07]} Rg4 {[%clk 00:04:13]} {[%emt 00:00:29]}
61. Rg1+ {[%clk 00:02:18]} {[%emt 00:00:16]} Kh3 {[%clk 00:04:15]} {[%emt
00:00:12]} 62. Rxg4 {[%clk 00:02:29]} {[%emt 00:00:04]} Kxg4 {[%clk 00:04:24]}
{[%emt 00:00:06]} 63. Rxa4+ {[%clk 00:02:44]} Nf4 {[%clk 00:04:32]} {[%emt
00:00:07]} 64. Rb4 {[%clk 00:02:47]} {[%emt 00:00:11]} h3 {[%clk 00:04:43]}
{[%emt 00:00:04]} 65. Kg1 {[%clk 00:02:10]} {[%emt 00:00:52]} Kg3 {[%clk
00:04:33]} {[%emt 00:00:26]} 66. Rb8 {[%clk 00:00:47]} {[%emt 00:01:38]} h2+
{[%clk 00:04:30]} {[%emt 00:00:18]} 67. Kh1 {[%clk 00:00:48]} {[%emt 00:00:15]}
f2 {[%clk 00:04:36]} {[%emt 00:00:08]} 68. Rb3+ {[%clk 00:00:55]} {[%emt
00:00:08]} Kg4 {[%clk 00:04:49]} {[%emt 00:00:03]} 69. Rb1 {[%clk 00:01:03]}
{[%emt 00:00:06]} Nd3 {[%clk 00:04:06]} {[%emt 00:00:57]} 70. Kxh2 {[%clk
00:00:50]} {[%emt 00:00:28]} Ne1 {[%clk 00:03:59]} {[%emt 00:00:22]} 71. Rb4+
{[%clk 00:00:40]} {[%emt 00:00:26]} 1/2-1/2

[Event "DEM U8 2024"]
[Site "Willingen GER"]
[Date "2024.05.24"]
[Round "6"]
[White "Merle, Atreyu Lukas"]
[Black "Rudnizki, Valentin"]
[Result "0-1"]
[Termination "normal"]
[Board "11"]
[WhiteElo "1191"]
[BlackElo "1319"]
[WhiteClock "00:28:36"]
[BlackClock "00:36:41"]
[PlyCount "74"]
[WhiteFideId "34670033"]
[BlackFideId "34673369"]
[EventCountry "GER"]
[EventRounds "7"]
[EventType "swiss"]
[EventDate "2024.05.21"]

1. e4 {[%clk 01:00:28]} {[%emt 00:00:01]} c5 {[%clk 01:00:08]} {[%emt
00:00:22]} 2. d4 {[%clk 01:00:33]} {[%emt 00:00:09]} cxd4 {[%clk 01:00:14]}
{[%emt 00:00:09]} 3. c3 {[%clk 01:00:33]} {[%emt 00:00:14]} dxc3 {[%clk
01:00:09]} {[%emt 00:00:21]} 4. Nxc3 {[%clk 01:00:37]} {[%emt 00:00:11]} e6
{[%clk 01:00:07]} {[%emt 00:00:17]} 5. Nf3 {[%clk 01:00:34]} {[%emt 00:00:18]}
Nc6 {[%clk 01:00:10]} {[%emt 00:00:12]} 6. Bb5 {[%clk 01:00:42]} {[%emt
00:00:07]} Bc5 {[%clk 00:59:59]} {[%emt 00:00:26]} 7. O-O {[%clk 00:59:03]}
{[%emt 00:01:53]} Nge7 {[%clk 00:59:12]} {[%emt 00:01:03]} 8. b3 {[%clk
00:56:51]} {[%emt 00:02:27]} O-O {[%clk 00:59:00]} {[%emt 00:00:27]} 9. Bb2
{[%clk 00:55:58]} {[%emt 00:01:08]} d5 {[%clk 00:56:59]} {[%emt 00:02:16]} 10.
Qc1 {[%emt 00:02:29]} d4 {[%clk 00:53:52]} {[%emt 00:02:28]} 11. Na4 {[%clk
00:53:16]} {[%emt 00:01:37]} Bd6 {[%clk 00:53:11]} {[%emt 00:00:55]} 12. Nxd4
{[%clk 00:52:53]} {[%emt 00:00:37]} Nxd4 {[%clk 00:53:14]} {[%emt 00:00:13]}
13. Bxd4 {[%clk 00:52:32]} {[%emt 00:00:36]} Bxh2+ {[%clk 00:53:13]} {[%emt
00:00:16]} 14. Kxh2 {[%clk 00:52:22]} {[%emt 00:00:24]} Qxd4 {[%clk 00:53:22]}
{[%emt 00:00:07]} 15. Qf4 {[%clk 00:50:59]} {[%emt 00:01:37]} Ng6 {[%clk
00:53:08]} {[%emt 00:00:29]} 16. Qf3 {[%clk 00:50:12]} {[%emt 00:01:02]} Qe5+
{[%clk 00:53:08]} {[%emt 00:00:15]} 17. g3 {[%clk 00:49:29]} {[%emt 00:00:57]}
Qxb5 {[%clk 00:52:41]} {[%emt 00:00:43]} 18. Rh1 {[%clk 00:48:34]} {[%emt
00:01:08]} Bd7 {[%clk 00:50:29]} {[%emt 00:02:29]} 19. Kg2 {[%clk 00:47:15]}
{[%emt 00:01:34]} Qe5 {[%clk 00:49:27]} {[%emt 00:01:17]} 20. Nc3 {[%clk
00:46:07]} {[%emt 00:01:23]} Rac8 {[%clk 00:48:03]} {[%emt 00:01:39]} 21. Ne2
{[%clk 00:45:14]} {[%emt 00:01:08]} f5 {[%clk 00:47:14]} {[%emt 00:01:04]} 22.
Qh5 {[%clk 00:43:42]} {[%emt 00:01:47]} Qxe4+ {[%clk 00:46:31]} {[%emt
00:00:58]} 23. Kg1 {[%clk 00:42:55]} {[%emt 00:01:00]} Kf7 {[%clk 00:45:52]}
{[%emt 00:00:56]} 24. Rd1 {[%clk 00:41:52]} {[%emt 00:01:18]} Bc6 {[%clk
00:44:31]} {[%emt 00:01:37]} 25. Rh2 {[%clk 00:39:28]} {[%emt 00:02:38]} Qf3
{[%clk 00:43:00]} {[%emt 00:01:46]} 26. Nf4 {[%clk 00:38:30]} {[%emt 00:01:13]}
Qxh5 {[%clk 00:42:40]} {[%emt 00:00:35]} 27. Nxh5 {[%clk 00:38:08]} {[%emt
00:00:37]} Rcd8 {[%clk 00:42:28]} {[%emt 00:00:28]} 28. Rc1 {[%clk 00:37:47]}
{[%emt 00:00:35]} Ne5 {[%clk 00:40:31]} {[%emt 00:02:12]} 29. Kf1 {[%clk
00:36:16]} {[%emt 00:01:44]} Nf3 {[%clk 00:39:35]} {[%emt 00:01:12]} 30. Rh3
{[%clk 00:35:33]} {[%emt 00:00:58]} e5 {[%clk 00:39:08]} {[%emt 00:00:43]} 31.
g4 {[%clk 00:30:37]} {[%emt 00:05:10]} fxg4 {[%clk 00:38:42]} {[%emt 00:00:41]}
32. Rg3 {[%clk 00:30:17]} {[%emt 00:00:34]} g6 {[%clk 00:38:45]} {[%emt
00:00:14]} 33. Ng7 {[%clk 00:29:53]} {[%emt 00:00:38]} Kxg7 {[%clk 00:38:19]}
{[%emt 00:00:42]} 34. Ke2 {[%clk 00:29:23]} {[%emt 00:00:45]} Bb5+ {[%clk
00:37:50]} {[%emt 00:00:44]} 35. Ke3 {[%clk 00:29:03]} {[%emt 00:00:34]} Rd3+
{[%clk 00:37:29]} {[%emt 00:00:37]} 36. Ke2 {[%clk 00:28:38]} {[%emt 00:00:40]}
Rc3+ {[%clk 00:37:13]} {[%emt 00:00:31]} 37. Kd1 {[%clk 00:28:36]} {[%emt
00:00:16]} Rd8# {[%clk 00:36:41]} {[%emt 00:00:47]} 0-1

[Event "DEM U8 2024"]
[Site "Willingen GER"]
[Date "2024.05.24"]
[Round "6"]
[White "Schimming, Wilhelm"]
[Black "Chanishvili, Noa"]
[Result "1-0"]
[Termination "normal"]
[Board "12"]
[WhiteElo "1242"]
[BlackElo "1106"]
[WhiteClock "00:53:28"]
[BlackClock "00:59:54"]
[PlyCount "31"]
[WhiteFideId "34662030"]
[BlackFideId "34698264"]
[EventCountry "GER"]
[EventRounds "7"]
[EventType "swiss"]
[EventDate "2024.05.21"]

1. e4 {[%clk 01:00:27]} {[%emt 00:00:03]} d5 {[%clk 01:00:22]} {[%emt
00:00:08]} 2. exd5 {[%clk 01:00:32]} {[%emt 00:00:10]} Qxd5 {[%clk 01:00:29]}
{[%emt 00:00:07]} 3. Nc3 {[%clk 01:00:45]} {[%emt 00:00:03]} Qa5 {[%clk
01:00:28]} {[%emt 00:00:16]} 4. d4 {[%clk 01:00:15]} {[%emt 00:00:44]} c6
{[%clk 01:00:34]} {[%emt 00:00:10]} 5. Nf3 {[%clk 01:00:02]} {[%emt 00:00:28]}
Bg4 {[%clk 01:00:41]} {[%emt 00:00:08]} 6. h3 {[%clk 01:00:10]} {[%emt
00:00:08]} Bh5 {[%clk 01:00:50]} {[%emt 00:00:06]} 7. Be2 {[%clk 00:58:10]}
{[%emt 00:02:15]} e6 {[%clk 01:00:52]} {[%emt 00:00:12]} 8. O-O {[%clk
00:57:48]} {[%emt 00:00:37]} Bd6 {[%clk 01:00:59]} {[%emt 00:00:09]} 9. Ne4
{[%clk 00:56:05]} {[%emt 00:01:59]} Be7 {[%clk 01:00:29]} {[%emt 00:00:44]} 10.
Bg5 {[%clk 00:56:09]} {[%emt 00:00:12]} Bxg5 {[%clk 01:00:25]} {[%emt
00:00:18]} 11. Nfxg5 {[%clk 00:55:43]} {[%emt 00:00:41]} Bxe2 {[%clk 01:00:16]}
{[%emt 00:00:24]} 12. Qxe2 {[%clk 00:55:42]} {[%emt 00:00:16]} Qc7 {[%clk
01:00:14]} {[%emt 00:00:18]} 13. Qf3 {[%clk 00:54:40]} {[%emt 00:01:17]} h6
{[%clk 01:00:08]} {[%emt 00:00:21]} 14. Nd6+ {[%clk 00:54:10]} {[%emt
00:00:46]} Ke7 {[%clk 00:59:53]} {[%emt 00:00:30]} 15. Qxf7+ {[%clk 00:53:17]}
{[%emt 00:01:07]} Kd8 {[%clk 00:59:54]} {[%emt 00:00:14]} 16. Nxe6# {[%clk
00:53:28]} {[%emt 00:00:05]} 1-0

[Event "DEM U8 2024"]
[Site "Willingen GER"]
[Date "2024.05.24"]
[Round "6"]
[White "Ni, Wilhelm Zeyin"]
[Black "Al Luwaisi, Taim"]
[Result "1/2-1/2"]
[Termination "normal"]
[Board "13"]
[WhiteElo "1696"]
[BlackElo "1198"]
[WhiteClock "00:48:46"]
[BlackClock "00:40:59"]
[PlyCount "43"]
[WhiteFideId "34675337"]
[BlackFideId "34645896"]
[EventCountry "GER"]
[EventRounds "7"]
[EventType "swiss"]
[EventDate "2024.05.21"]

1. e4 {[%clk 01:00:28]} {[%emt 00:00:02]} c6 {[%clk 01:00:24]} {[%emt
00:00:06]} 2. Nf3 {[%clk 01:00:37]} {[%emt 00:00:07]} d5 {[%clk 01:00:33]}
{[%emt 00:00:06]} 3. Nc3 {[%clk 01:00:40]} {[%emt 00:00:11]} dxe4 {[%clk
01:00:38]} {[%emt 00:00:10]} 4. Nxe4 {[%clk 01:00:47]} {[%emt 00:00:09]} Nf6
{[%clk 01:00:38]} {[%emt 00:00:15]} 5. Qe2 {[%clk 00:59:23]} {[%emt 00:01:39]}
Nxe4 {[%clk 01:00:13]} {[%emt 00:00:39]} 6. Qxe4 {[%clk 00:59:31]} {[%emt
00:00:07]} g6 {[%clk 00:59:43]} {[%emt 00:00:46]} 7. d4 {[%clk 00:58:33]}
{[%emt 00:01:13]} Bg7 {[%clk 00:59:44]} {[%emt 00:00:13]} 8. Bc4 {[%clk
00:58:02]} {[%emt 00:00:47]} Bf5 {[%clk 00:59:38]} {[%emt 00:00:21]} 9. Qf4
{[%clk 00:57:28]} {[%emt 00:00:48]} O-O {[%clk 00:59:35]} {[%emt 00:00:17]} 10.
O-O {[%clk 00:57:07]} {[%emt 00:00:37]} Re8 {[%clk 00:55:47]} {[%emt 00:04:03]}
11. Ng5 {[%clk 00:54:04]} {[%emt 00:03:18]} e6 {[%clk 00:53:06]} {[%emt
00:02:56]} 12. g4 {[%clk 00:52:05]} {[%emt 00:02:15]} Bxc2 {[%clk 00:51:48]}
{[%emt 00:01:33]} 13. Qxf7+ {[%clk 00:52:10]} {[%emt 00:00:09]} Kh8 {[%clk
00:51:36]} {[%emt 00:00:27]} 14. Bxe6 {[%clk 00:50:55]} {[%emt 00:01:31]} Re7
{[%clk 00:45:03]} {[%emt 00:06:47]} 15. Qf4 {[%clk 00:50:10]} {[%emt 00:01:01]}
Qf8 {[%clk 00:41:26]} {[%emt 00:03:52]} 16. Nf7+ {[%clk 00:48:15]} {[%emt
00:02:11]} Kg8 {[%clk 00:41:33]} {[%emt 00:00:08]} 17. Nh6+ {[%emt 00:01:15]}
Kh8 18. Nf7+ Kg8 {[%clk 00:40:49]} {[%emt 00:00:03]} 19. Nh6+ {[%clk 00:00:00]}
Kh8 {[%clk 00:00:00]} {[%emt 00:01:00]} 20. Nf7+ {[%clk 00:48:30]} {[%emt
00:00:13]} Kg8 {[%clk 00:40:55]} {[%emt 00:00:09]} 21. Nh6+ {[%clk 00:48:41]}
{[%emt 00:00:05]} Kh8 {[%clk 00:40:59]} {[%emt 00:00:10]} 22. Nf7+ {[%clk
00:48:46]} {[%emt 00:00:10]} 1/2-1/2

[Event "DEM U8 2024"]
[Site "Willingen GER"]
[Date "2024.05.24"]
[Round "6"]
[White "Liu, Mio Runhan"]
[Black "Stanisic, Lukas"]
[Result "1-0"]
[Termination "normal"]
[Board "14"]
[WhiteElo "1101"]
[BlackElo "1677"]
[WhiteClock "00:48:44"]
[BlackClock "00:46:43"]
[PlyCount "71"]
[WhiteFideId "34678760"]
[BlackFideId "79316433"]
[EventCountry "GER"]
[EventRounds "7"]
[EventType "swiss"]
[EventDate "2024.05.21"]

1. e4 {[%clk 01:00:28]} {[%emt 00:00:02]} c5 {[%clk 01:00:22]} {[%emt
00:00:08]} 2. Bc4 {[%clk 01:00:36]} {[%emt 00:00:07]} e6 {[%clk 01:00:18]}
{[%emt 00:00:19]} 3. e5 {[%clk 01:00:23]} {[%emt 00:00:28]} Nc6 {[%clk
01:00:22]} {[%emt 00:00:11]} 4. Nf3 {[%clk 01:00:19]} {[%emt 00:00:11]} g6
{[%clk 01:00:10]} {[%emt 00:00:34]} 5. b3 {[%clk 01:00:19]} {[%emt 00:00:16]}
Bg7 {[%clk 00:59:39]} {[%emt 00:00:45]} 6. Bb2 {[%clk 01:00:15]} {[%emt
00:00:14]} d5 {[%clk 00:59:25]} {[%emt 00:00:35]} 7. Be2 {[%clk 01:00:06]}
{[%emt 00:00:17]} Qc7 {[%clk 00:59:09]} {[%emt 00:00:37]} 8. O-O {[%clk
00:59:47]} {[%emt 00:00:34]} Nge7 {[%clk 00:58:53]} {[%emt 00:00:31]} 9. d3
{[%clk 00:59:21]} {[%emt 00:00:40]} O-O {[%clk 00:58:54]} {[%emt 00:00:15]} 10.
Nbd2 {[%clk 00:58:43]} {[%emt 00:00:14]} d4 {[%clk 00:58:56]} {[%emt 00:00:51]}
11. Ne4 {[%clk 00:58:16]} {[%emt 00:00:40]} Nxe5 {[%clk 00:58:15]} {[%emt
00:00:57]} 12. c4 {[%clk 00:58:01]} {[%emt 00:00:31]} b6 {[%clk 00:57:49]}
{[%emt 00:00:41]} 13. Re1 {[%clk 00:57:00]} {[%emt 00:01:16]} Bb7 {[%clk
00:55:12]} {[%emt 00:02:52]} 14. Bf1 {[%clk 00:55:37]} {[%emt 00:01:37]} Nxf3+
{[%clk 00:54:06]} {[%emt 00:01:23]} 15. gxf3 {[%clk 00:54:26]} {[%emt
00:01:04]} Nf5 {[%clk 00:53:51]} {[%emt 00:00:52]} 16. Ng3 {[%clk 00:54:03]}
{[%emt 00:00:35]} Be5 {[%clk 00:53:35]} {[%emt 00:00:32]} 17. Bg2 {[%clk
00:53:27]} {[%emt 00:00:43]} Nxg3 {[%clk 00:52:39]} {[%emt 00:01:20]} 18. fxg3
{[%clk 00:51:54]} {[%emt 00:01:14]} Bg7 {[%clk 00:52:54]} 19. Bc1 {[%clk
00:51:48]} {[%emt 00:00:55]} Rfe8 {[%clk 00:52:31]} {[%emt 00:00:36]} 20. Bd2
{[%clk 00:50:47]} {[%emt 00:01:18]} Qc6 {[%clk 00:51:50]} {[%emt 00:00:55]} 21.
Re2 {[%clk 00:50:30]} {[%emt 00:00:33]} Qd6 {[%clk 00:51:33]} {[%emt 00:00:32]}
22. Qf1 {[%clk 00:49:41]} {[%emt 00:01:04]} Qe7 {[%clk 00:51:24]} {[%emt
00:00:24]} 23. Rae1 {[%clk 00:49:20]} {[%emt 00:00:36]} Qf6 {[%clk 00:50:31]}
{[%emt 00:01:06]} 24. h4 {[%clk 00:49:02]} {[%emt 00:00:34]} Qf5 {[%clk
00:50:22]} {[%emt 00:00:23]} 25. g4 {[%clk 00:48:36]} {[%emt 00:00:40]} Qf6
{[%clk 00:49:11]} {[%emt 00:01:27]} 26. Bg5 {[%clk 00:48:36]} {[%emt 00:00:11]}
Qe5 {[%clk 00:48:21]} {[%emt 00:01:10]} 27. Rxe5 {[%clk 00:48:28]} {[%emt
00:00:17]} Bxe5 {[%clk 00:48:27]} {[%emt 00:00:15]} 28. Rxe5 {[%clk 00:48:40]}
{[%emt 00:00:04]} Kg7 {[%clk 00:48:23]} {[%emt 00:00:18]} 29. Re1 {[%clk
00:48:46]} {[%emt 00:00:09]} f6 {[%clk 00:47:41]} {[%emt 00:00:56]} 30. Bd2
{[%clk 00:48:51]} {[%emt 00:00:11]} e5 {[%clk 00:46:58]} {[%emt 00:00:58]} 31.
f4 {[%clk 00:48:49]} {[%emt 00:00:17]} exf4 {[%clk 00:47:06]} {[%emt 00:00:06]}
32. Bxb7 {[%clk 00:48:49]} {[%emt 00:00:09]} Rxe1 {[%clk 00:47:13]} {[%emt
00:00:14]} 33. Qxe1 {[%clk 00:48:55]} {[%emt 00:00:10]} Rb8 {[%clk 00:46:46]}
{[%emt 00:00:42]} 34. Bf3 {[%clk 00:48:56]} {[%emt 00:00:13]} Kf7 {[%clk
00:46:28]} {[%emt 00:00:32]} 35. Bxf4 {[%clk 00:48:40]} {[%emt 00:00:22]} Re8
{[%clk 00:46:43]} 36. Bd5+ {[%clk 00:48:44]} {[%emt 00:01:32]} 1-0